Buscando a Dios en el universo : (Record no. 190640)

MARC details
000 -LEADER
campo de control de longitud fija 01088nam a2200289 i 4500
001 - NÚMERO DE CONTROL
campo de control 190640
003 - IDENTIFICADOR DE NÚMERO DE CONTROL
campo de control ES-MaACL
005 - FECHA Y HORA DE LA ÚLTIMA TRANSACCIÓN
campo de control 20250809063546.0
008 - DATOS DE LONGITUD FIJA--INFORMACIÓN GENERAL
campo de control de longitud fija 220228s2018 sp a 001 0 spa d
080 ## - NÚMERO DE LA CLASIFICACIÓN DECIMAL UNIVERSAL
Número de la Clasificación Decimal Universal 978-84-15462-59-0
100 1# - ENTRADA PRINCIPAL--NOMBRE DE PERSONA
Nombre de persona Tamames, Ramón,
Fechas asociadas al nombre 1933-
9 (RLIN) 237391
245 10 - MENCIÓN DEL TÍTULO
Título Buscando a Dios en el universo :
Resto del título una cosmovisión sobre el sentido de la vida /
Mención de responsabilidad, etc. Ramón Tamames.
250 ## - MENCION DE EDICION
Mención de edición 1ª ed.
260 ## - PUBLICACIÓN, DISTRIBUCIÓN, ETC.
Lugar de publicación, distribución, etc. Vilafranca del Penedès, Barcelona :
Nombre del editor, distribuidor, etc. Erasmus,
Fecha de publicación, distribución, etc. 2018.
300 ## - DESCRIPCIÓN FÍSICA
Extensión 384 p. :
Otras características físicas il. ;
Dimensiones 23 cm.
490 1# - MENCIÓN DE SERIE
Mención de serie Pensamiento del presente ;
Designación de volumen o secuencia 66
500 ## - NOTA GENERAL
Nota general Índice onomástico.
504 ## - NOTA DE BIBLIOGRAFÍA, ETC.
Nota de bibliografía, etc. Referencias bibliográficas.
505 8# - NOTA DE CONTENIDO CON FORMATO
Nota de contenido con formato Contiene: ¿De dónde venimos? ; ¿Qué somos? ; ¿A dónde vamos?
650 #7 - PUNTO DE ACCESO ADICIONAL DE MATERIA--TÉRMINO DE MATERIA
Término de materia o nombre geográfico como elemento de entrada Antropología filosófica
Fuente del encabezamiento o término embne
9 (RLIN) 9891
650 #7 - PUNTO DE ACCESO ADICIONAL DE MATERIA--TÉRMINO DE MATERIA
Término de materia o nombre geográfico como elemento de entrada Religión y ciencia
Fuente del encabezamiento o término embne
9 (RLIN) 16806
650 #4 - PUNTO DE ACCESO ADICIONAL DE MATERIA--TÉRMINO DE MATERIA
Término de materia o nombre geográfico como elemento de entrada Dios-
Subdivisión general Existencia
9 (RLIN) 11904
830 1# - PUNTO DE ACCESO ADICIONAL DE SERIE-TÍTULO UNIFORME
Título uniforme Pensamiento del presente ;
Designación de volumen o secuencia 66
9 (RLIN) 193507
852 4# - LOCALIZACIÓN
Ubicación ES-MaACL
Número de control de estantería A-14903
itemnumber 197819
Sublocalización o colección R.152376
Ubicación en estantería Depósito 1
Signatura antigua Olim: N-7903
Donativo/Legado Donación: Editorial
942 ## - ELEMENTOS DE ENTRADA SECUNDARIOS (KOHA)
Fuente del sistema de clasificación o colocación Clasificación decimal universal
Holdings
Estatus retirado Estado de pérdida Fuente del sistema de clasificación o colocación Estado de daño No para préstamo Biblioteca de origen Biblioteca actual Ubicación en estantería Fecha de adquisición Fuente de adquisición Total de préstamos Signatura topográfica completa Código de barras Visto por última vez Precio de reemplazo Tipo de ítem Koha
    Clasificación decimal universal     Biblioteca del Ateneo de Madrid Biblioteca del Ateneo de Madrid Depósito 1 28/02/2022 Donación   A-14903 1202860 23/02/2023 23/02/2023 Libro impreso